| Tag |
First Indicator |
Second Indicator |
Subfields |
| LEADER |
00000cam a2200000 4500 |
| 001 |
in00000211421 |
| 005 |
20151009054858.0 |
| 008 |
720524s1958 enk b 00000 eng d |
| 035 |
|
|
|a (OCoLC)00316828
|
| 035 |
|
|
|9 AAW9241AM
|
| 040 |
|
|
|c WSU
|d TXA
|d UtOrBLW
|
| 049 |
|
|
|a TXAM
|c [634366]
|
| 090 |
|
|
|a PE1075
|b .B7 1958a
|
| 100 |
1 |
|
|a Brook, G. L.
|q (George Leslie),
|d 1910-1987.
|
| 245 |
1 |
2 |
|a A history of the English language.
|
| 264 |
|
1 |
|a [London] :
|b A. Deutsch,
|c [1958]
|
| 300 |
|
|
|a 224 pages
|
| 336 |
|
|
|a text
|b txt
|2 rdacontent
|
| 337 |
|
|
|a unmediated
|b n
|2 rdamedia
|
| 338 |
|
|
|a volume
|b nc
|2 rdacarrier
|
| 490 |
1 |
|
|a The Language library
|
| 504 |
|
|
|a Includes bibliographies.
|
| 650 |
|
0 |
|a English language
|x History.
|
| 830 |
|
0 |
|a Language library.
|
| 999 |
|
|
|a MARS
|
| 999 |
f |
f |
|s 55b00c0f-053c-3341-be62-ff982740517e
|i 77c50f92-a5b7-3313-a5c4-1f33bc71bac2
|t 0
|
| 952 |
f |
f |
|p noncirc
|a Texas A&M University
|b J.J. Pickle Campus
|c High Density Repository
|s HDR
|d Remote Storage
|t 0
|e PE1075 .B7 1958a
|h Library of Congress classification
|i unmediated -- volume
|m A1485325691B
|
| 952 |
f |
f |
|p ric
|a Texas A&M University
|b Rellis Campus
|c Joint Library Facility
|s JLF
|d Remote Storage
|t 0
|e PE1075 .B7 1958a
|h Library of Congress classification
|i unmediated -- volume
|m A14803581191
|
| 998 |
f |
f |
|a PE1075 .B7 1958a
|t 0
|l Remote Storage
|
| 998 |
f |
f |
|a PE1075 .B7 1958a
|t 0
|l Remote Storage
|